| 000 | 00490nam a22001817a 4500 | ||
|---|---|---|---|
| 003 | OSt | ||
| 005 | 20180116183053.0 | ||
| 008 | 160901b xxu||||| |||| 00| 0 eng d | ||
| 020 | _a0 | ||
| 040 | _c0 | ||
| 082 | _a658.4 GVI 1972 | ||
| 100 | _aGvishiani,D | ||
| 245 |
_aOrganisation and Management : _bA sociological analysis of western theories _cD.Gvishiani |
||
| 260 |
_aMoscow _bProgress _c1972 |
||
| 300 |
_a461 p. _bHB |
||
| 440 | _aOrganisation and Management : | ||
| 942 |
_2ddc _cBK |
||
| 999 |
_c351703 _d351703 |
||